Algebra for College Students (Record no. 609328)
[ view plain ]
| 000 -LEADER | |
|---|---|
| fixed length control field | 00300nam a22001337a 4500 |
| 020 ## - INTERNATIONAL STANDARD BOOK NUMBER | |
| International Standard Book Number | 0072443928 |
| 040 ## - CATALOGING SOURCE | |
| Transcribing agency | NUST |
| 082 ## - DEWEY DECIMAL CLASSIFICATION NUMBER | |
| Classification number | 512.9 |
| Author Mark | DUG |
| 100 ## - MAIN ENTRY--PERSONAL NAME | |
| Personal name | Mark Dugopolski, |
| 9 (RLIN) | 122974 |
| 245 ## - TITLE STATEMENT | |
| Title | Algebra for College Students |
| 250 ## - EDITION STATEMENT | |
| Edition statement | 3rd Edition |
| 650 ## - SUBJECT ADDED ENTRY--TOPICAL TERM | |
| Topical term or geographic name entry element | Algebra |
| 9 (RLIN) | 8509 |
| 942 ## - ADDED ENTRY ELEMENTS (KOHA) | |
| Source of classification or shelving scheme | |
| Koha item type | Book |
| Withdrawn status | Lost status | Source of classification or shelving scheme | Damaged status | Not for loan | Permanent Location | Current Location | Shelving location | Date acquired | Total Checkouts | Full call number | Barcode | Date last seen | Price effective from | Koha item type |
|---|---|---|---|---|---|---|---|---|---|---|---|---|---|---|
| College of Electrical & Mechanical Engineering (CEME) | College of Electrical & Mechanical Engineering (CEME) | General Stacks | 05/27/2024 | 512.9 DUG | CEME- 41981 | 05/27/2024 | 05/27/2024 | Book |
